| 000 | 01359cam a2200145 4500500 | ||
|---|---|---|---|
| 005 | 20260329023158.0 | ||
| 041 | _afre | ||
| 042 | _adc | ||
| 100 | 1 | 0 |
_aJullier, Laurent _eauthor |
| 700 | 1 | 0 |
_aPéquignot, Julien _eauthor |
| 245 | 0 | 0 | _aLe clip : Histoire et esthétique |
| 260 |
_bArmand Colin,
_c2013. |
||
| 520 | _aAujourd’hui un clip peut être partagé sur Facebook ou sur YouTube, passer sur MTV au fond d’un bar, ou bien sortir en DVD signé d’un réalisateur reconnu. On peut aussi le retrouver dans le programme d’un festival de cinéma, dans un spectacle vivant mêlant sons et lumières, ou encore dans les salles d’un musée d’art contemporain. Au cœur d’enjeux financiers colossaux, le clip conserve pourtant cette aura de gratuité, aux deux sens du terme, qui a contribué à son succès et qui fait sa légèreté. Ainsi s’inspire-t-il de quantité de formes d’art et les influence-t-il en retour. Quel autre objet réalise cet exploit d’occuper tout à tour tant de fonctions, d’usages et de statuts sociaux ? Des Beatles à Gangnam Style, de Thriller à Lady Gaga en passant par Michel Gondry et le Top 50, l’ouvrage propose les clés historiques, esthétiques et thématiques du phénomène clip. | ||
| 856 | 4 | 1 | _uhttps://shs.cairn.info/le-clip--9782200281212?lang=fr&redirect-ssocas=7080 |
| 999 |
_c1925270 _d1925270 |
||